Dr. Štefan Moyses (24.X.1797-5.VII.1869) /

Uložené v:
Podrobná bibliografia
Hlavný autor: Polla, Belo 1917-2000 (Author)
Médium: Kniha
Jazyk:Slovak
Vydané: Turčiansky Sv. Martin : Matica slovenská, 1947
Vydanie:1. vyd.
Edícia:Prednášky a úvahy sv. 5
ISBN: (brož.)
Fyzický popis: 22 [II] s.
Tagy: Pridať tag
Žiadne tagy, Buďte prvý kto otaguje tento záznam!

MARC

LEADER 00000nam a22000001a 4500
001 000420913
005 20130612122829.0
008 041013 1947 xo e slo d
020 |a (brož.)  |c Kčs 1,00 
040 |a SVKKK  |b slo  |c SVKKK  |e AACR2 
041 0 |a slo 
044 |a xo  |c SK 
100 1 |a Polla, Belo  |d 1917-2000  |4 aut 
245 1 0 |a Dr. Štefan Moyses (24.X.1797-5.VII.1869) /  |c Belo Polla ; upravovateľ: Dušan Šulc. 
250 |a 1. vyd. 
260 |a Turčiansky Sv. Martin :  |b Matica slovenská,  |c 1947  |f (Neografia) 
300 |a 22 [II] s. 
490 1 |a Prednášky a úvahy  |v sv. 5 
700 1 |a Moyses, Štefan  |d 1797-1869  |4 oth 
830 0 |a Prednášky a úvahy  |v sv. 5 
910 |a svkkk 
998 |a BK 
090 |g SCKHL  |k Sklad Hlavná 10 suterén  |a I.24031  |j 276303  |i 2720424313  |s Prezenčne